000 00389 a2200157 4500
001 151901
040 _cEscola São Tomás de Aquino
100 _aJAF, Ivan
240 1 0 _aUm vampiro apaixonado na corte de D. João
_lpor
245 1 0 _aUm vampiro apaixonado na corte de D. João
300 _a144
362 0 _a2008
440 1 _aÁtica
697 _a*LITERATURA JUVENIL
942 _cBK
999 _c151901
_d151901